000 00642cam a2200241 4500
001 L155568
008 000000n1992 000 0 eng u
020 _a0900417234
035 _a(Sirsi) u155568
041 _aeng
050 _a692.5
245 _aGriffiths complete building price book 1991/2
250 _a39th ed.
260 _aBournemouth
_bGlenigan Cost Information Services
_c1992
300 _a756p
350 _a85
650 _aBUILT ENVIRONMENT-BUILDING COSTS
650 _aESTIMATING
650 _aBUILDING PRICE BOOKS
651 4 _aENGLAND AND WALES
690 _aBUILT ENVIRONMENT-BUILDING COSTS
942 _n0
999 _c113667
_d113667